000 00623nam a22001697a 4500
003 UA-OsUOA
001 18877
007 ta
008 20040616b un ||||| |||| 00| 0 ukr d
942 _cSA
040 _aUA-OsUOA
_cUA-OsUOA
_dUA-OsUOA
245 _aЗвіт облдержадміністрації про виконання делегованих повноважень обласної ради за 2002-2003 роки та 1 квартал 2004 року
300 _aС.4-6
955 _a0
773 0 _w0
_tВільне слово
_dРівне
_d2004
_g№43/11 черв./
650 7 _aВиконавча влада
_2UDC
999 _c305048
_d305048